Central Library OPAC University of Rajshahi

The political foundations of international law / (Record no. 59151)

MARC details
000 -LEADER
fixed length control field 00738nam a2200241 a 4500
001 - CONTROL NUMBER
control field 59151
003 - CONTROL NUMBER IDENTIFIER
rucl marc code BD-RjUL
005 - DATE AND TIME OF LATEST TRANSACTION
control field 20211209080711.0
008 - FIXED-LENGTH DATA ELEMENTS--GENERAL INFORMATION
fixed length control field 161221s1961 nyu | 001 0 eng
035 ## - SYSTEM CONTROL NUMBER
System control number (BD-RjUL)59275
040 ## - CATALOGING SOURCE
Original cataloging agency LC
Language of cataloging eng
Transcribing agency LC
Modifying agency ANL:NR
041 ## - LANGUAGE CODE
Language code of text/sound track or separate title eng
082 04 - DEWEY DECIMAL CLASSIFICATION NUMBER
Classification number 341
Edition number 23
Author mark and year KAP 1961
100 1# - MAIN ENTRY--PERSONAL NAME
Personal name Kaplan, Morton A.
9 (RLIN) 175887
245 14 - TITLE STATEMENT
Title The political foundations of international law /
Statement of responsibility, etc. Morton A. Kaplan and Nicholas deB. Katzenbach.
260 ## - PUBLICATION, DISTRIBUTION, ETC. (IMPRINT)
Place of publication, distribution, etc. New York :
Name of publisher, distributor, etc. John Wiley & Sons, Inc.,
Date of publication, distribution, etc. c1961.
300 ## - PHYSICAL DESCRIPTION
Pagination xi, 372 p. ;
Size 24 cm.
500 ## - GENERAL NOTE
General note Includes index.
650 #0 - SUBJECT ADDED ENTRY--TOPICAL TERM
Topical term or geographic name as entry element International law.
9 (RLIN) 173305
Topical term or geographic name as entry element World politics.
9 (RLIN) 172417
700 1# - ADDED ENTRY--PERSONAL NAME
Personal name Katzenbach, Nicholas deB.
942 ## - ADDED ENTRY ELEMENTS (KOHA)
Source of classification or shelving scheme Dewey Decimal Classification
Koha item type Books
Holdings
Lost status Source of classification or shelving scheme Damaged status Not for loan Collection code Permanent Location Current Location Shelving location Date acquired Source of acquisition Cost, normal purchase price Total Checkouts Full call number Date last seen Copy number Koha item type
  Dewey Decimal Classification   Not For Loan Non-fiction Central Library, University of Rajshahi Central Library, University of Rajshahi Reading Room 10/07/1963 Allies 34.75   341 KAP 1961 21/12/2016 C-1 Books